[Event "Dortmund Sparkassen op-B"]
[Site "Dortmund"]
[Date "2008.07.04"]
[Round "7"]
[White "Wickenfeld, Udo"]
[Black "Schoenebeck, Claus"]
[Result "1/2-1/2"]
[WhiteElo "1290"]
[BlackElo "1513"]
[PlyCount "146"]
[EventDate "2008.06.30"]
[EventType "swiss"]
[EventRounds "9"]
[EventCountry "GER"]
[SourceTitle "EXT 2022"]
[Source "ChessBase"]
[SourceDate "2021.10.06"]
[SourceVersion "1"]
[SourceVersionDate "2021.10.06"]
[SourceQuality "1"]

1. d4 Nf6 2. Nf3 d5 3. Nbd2 g6 4. c4 c6 5. c5 Bg7 6. e3 0-0 7. Be2 Nbd7 8. 0-0 Re8 9. Re1 b6 10. b4 bxc5 11. bxc5 Ne4 12. Nxe4 dxe4 13. Nd2 Nxc5 14. Qc2 Bf5 15. Qxc5 Qc7 16. Qc2 c5 17. Bb2 Qa5 18. Bc3 Qc7 19. Rac1 cxd4 20. Bxd4 Qd6 21. Bxg7 Kxg7 22. Nxe4 Qb4 23. Qc3+ Qxc3 24. Nxc3 Rac8 25. Nb5 Rcd8 26. Nc7 Rf8 27. Red1 Rb8 28. Nd5 Rb2 29. Nc3 Rc8 30. Re1 Rd8 31. e4 Be6 32. Ra1 Rdd2 33. Nd5 Rxe2 34. Rxe2 Rxe2 35. f3 Kf8 36. Nc3 Rc2 37. Nd5 Rd2 38. Nb4 a5 39. Nc6 a4 40. a3 Ke8 41. Ne5 Bb3 42. Rc1 Kd8 43. Ra1 f6 44. Ng4 Be6 45. Nf2 Ke8 46. Nh1 h5 47. h3 h4 48. Nf2 Kf7 49. Nd1 Bb3 50. Ne3 Re2 51. Ng4 Kg7 52. Nf2 f5 53. exf5 gxf5 54. Nd3 Kf6 55. Kh2 e5 56. Kg1 Bd5 57. Kf1 Rc2 58. Nb4 Rd2 59. Ke1 Rd4 60. Rd1 Bb3 61. Rxd4 exd4 62. Nd3 Bc2 63. Nf4 Kg5 64. Nd5 d3 65. Kd2 Kg6 66. Ne3 Bb1 67. Kc1 f4 68. Nc4 Bc2 69. Kd2 Kf6 70. Nb2 Ke5 71. Nxd3+ Bxd3 72. Kxd3 Kd5 73. Kc3 Kc5 1/2-1/2

[Event "Dortmund Sparkassen op-B"]
[Site "Dortmund"]
[Date "2008.07.03"]
[Round "5"]
[White "Heimer, Hans Joachim"]
[Black "Schoenebeck, Claus"]
[Result "1-0"]
[WhiteElo "1628"]
[BlackElo "1513"]
[PlyCount "43"]
[EventDate "2008.06.30"]
[EventType "swiss"]
[EventRounds "9"]
[EventCountry "GER"]
[SourceTitle "EXT 2022"]
[Source "ChessBase"]
[SourceDate "2021.10.06"]
[SourceVersion "1"]
[SourceVersionDate "2021.10.06"]
[SourceQuality "1"]

1. e4 d6 2. d4 Nf6 3. Bd3 Nbd7 4. f4 g6 5. Nf3 Bg7 6. 0-0 0-0 7. e5 dxe5 8. fxe5 Nd5 9. c4 Nb4 10. Be2 e6 11. a3 Nc6 12. Be3 h6 13. Qd2 Kh7 14. Nc3 Ne7 15. Ne4 f5 16. Neg5+ hxg5 17. Nxg5+ Kg8 18. Nxe6 Qe8 19. Nxc7 Qd8 20. Nxa8 b6 21. Bf3 Ba6 22. Rac1 1-0

[Event "Dortmund Sparkassen op-B"]
[Site "Dortmund"]
[Date "2008.07.03"]
[Round "6"]
[White "Schoenebeck, Claus"]
[Black "Nadrowski, Joseph"]
[Result "0-1"]
[WhiteElo "1513"]
[BlackElo "1723"]
[PlyCount "75"]
[EventDate "2008.06.30"]
[EventType "swiss"]
[EventRounds "9"]
[EventCountry "GER"]
[SourceTitle "EXT 2022"]
[Source "ChessBase"]
[SourceDate "2021.10.06"]
[SourceVersion "1"]
[SourceVersionDate "2021.10.06"]
[SourceQuality "1"]

1. Nf3 d5 2. g3 g6 3. Bg2 Bg7 4. d4 c6 5. Bf4 Nf6 6. 0-0 0-0 7. Re1 Nbd7 8. Nc3 Re8 9. e4 dxe4 10. Nxe4 Nxe4 11. Rxe4 Nf6 12. Re2 Bg4 13. c3 e6 14. h3 Bxf3 15. Bxf3 Nd5 16. Qd2 Qd7 17. Kg2 Rac8 18. Rae1 Bf8 19. Bg5 Be7 20. Bh6 Qd8 21. h4 Qd7 22. a3 Bf8 23. Bxf8 Kxf8 24. c4 Ne7 25. Qf4 Nf5 26. d5 Kg8 27. dxe6 Rxe6 28. Rxe6 fxe6 29. Rd1 Qe7 30. Qe5 Re8 31. h5 Qg5 32. Kh3 Qe7 33. hxg6 hxg6 34. Re1 Qg7 35. Qf4 Qf6 36. Rh1 Nd4 37. Qe3 Qxf3 38. Qe1 0-1

[Event "Dortmund Sparkassen op-B"]
[Site "Dortmund"]
[Date "2008.06.30"]
[Round "1"]
[White "Herrmann, Christoph"]
[Black "Schoenebeck, Claus"]
[Result "1-0"]
[WhiteElo "1833"]
[BlackElo "1513"]
[PlyCount "63"]
[EventDate "2008.06.30"]
[EventType "swiss"]
[EventRounds "9"]
[EventCountry "GER"]
[SourceTitle "EXT 2022"]
[Source "ChessBase"]
[SourceDate "2021.10.06"]
[SourceVersion "1"]
[SourceVersionDate "2021.10.06"]
[SourceQuality "1"]

1. e4 d6 2. d4 Nf6 3. Nc3 g6 4. Nf3 Bg7 5. Bc4 0-0 6. 0-0 Nbd7 7. Qe2 e5 8. dxe5 dxe5 9. Bg5 h6 10. Bh4 g5 11. Bg3 Qe8 12. Nb5 Qd8 13. Rfd1 c6 14. Nc3 Qe7 15. Nd2 Nb6 16. Bb3 Be6 17. Nf1 Bg4 18. f3 Be6 19. Ne3 Nh5 20. Nf5 Bxf5 21. exf5 Nxg3 22. hxg3 Rad8 23. Ne4 Rxd1+ 24. Rxd1 Rd8 25. c3 Nd7 26. Qc4 Rc8 27. Qxf7+ Qxf7 28. Bxf7+ Kxf7 29. Rxd7+ Kf8 30. f6 Bh8 31. f7 Bg7 32. Nc5 1-0